000 00512nam a22002177a 4500
003 UA-OsUOA
001 16798
007 ta
008 20030526b un ||||| |||| 00| 0 ukr d
090 _bП-351
942 _cBK
040 _aUA-OsUOA
_bukr
_cUA-OsUOA
_dUA-OsUOA
245 _aПисьменники Рівненщини
300 _a63 с.
955 _a0
041 _aukr
591 _a83.3(4Укр)
260 _aРівне
_c2003
044 _aUA
650 7 _aКраєзнавча робота
_2UDC
999 _c302964
_d302964